Responses for show #6934 - Thursday, November 6, 2014

Contestants

[<< previous game]

Che Smith, a consultant and Ph.D. candidate from Washington, D.C.

Charles Brower, a senior managing editor from Durham, North Carolina

Hillary Huttenhower, a materials engineer from Manchester, Connecticut (whose 1-day cash winnings total $19,801)

[next game >>]

Jeopardy! Round responses

TAKING IN THE CITY SITES
NAME THAT FOOD
ALCATRAZ
AT THE MOVIES 10 YEARS AGO
THE ORIGIN
OF SPECIES
    $200 14
Charlotte

ché
    $200 6
soup

Triple Stumper
    $200 26
The Rock

Charles
    $200 1
Fahrenheit 9/11

Charles
    $200 11
dragon

Triple Stumper
    $200 21
buffalo

Hillary
    $400 15
San Francisco

Charles
    $400 7
sauce

ché
    $400 27
lighthouse

Charles
    $400 2
Napoleon Dynamite

Hillary
    $400 12
wine

ché
    $400 22
wolf

Charles
    $600 18
Seattle

ché
    $600 8
sponge cake

Triple Stumper
    $600 28
(Hillary: What is mace?)

tear gas

HillaryCharles
    $600 3
Shaun of the Dead

Charles
    $600 13
target

Hillary
    $2,000 23
a black swan

Charles
    $800 19
(Hillary: What is Chicago?)

Minneapolis

HillaryCharles
    $800 9
tomato

Charles
    $800 29
...
(Alex: And that was the infamous "Birdman" of Alcatraz, [*].)

Robert Stroud

Triple Stumper
    $800 4
Mean Girls

Charles
    $800 16
victim

ché
    $800 24
whale

Hillary
    $1000 20
(Alex: Now's the time for that city.)

Chicago

Charles
    $1000 10
(Charles: What is a pepper?)
(Alex: Be more specific.)
(Charles: A [*].)

chili pepper

Charles
    $1000 30
(Hillary: Who is RFK?)
(Alex: RFK, [*].)

Robert Kennedy

Hillary
    $1000 5
Hellboy

Charles
    $1000 17
utopia

Charles
    $1000 25
fisher cat

Triple Stumper

Scores at the first commercial break (after clue 15):

Hillary Charles ché
$1,000 $4,800 $1,000

Scores at the end of the Jeopardy! Round:

Hillary Charles ché
$1,600 $11,200 $2,400

Double Jeopardy! Round responses

ENTERTAINMENT: FIVE RHYMES
(Alex: Every correct response will rhyme with "five.")
THE EARLY A.D.'S
PUBLISHED POSTHUMOUSLY
WOMEN IN GOVERNMENT
TRANSPORTATION
"DOO" OR "DI"
    $400 1
jive

Hillary
    $400 22
(Saint) Paul

Charles
    $400 8
Agatha Christie

ché
    $400 6
Hillary Clinton

Hillary
    $400 19
monorail

Charles
    $400 7
dietician

Charles
    $800 2
chive

ché
    $800 23
London

Hillary
    $800 13
(Jane) Austen

Charles
    $800 17
(Hillary: What is Ann Arbor?)
(Che: What is Grand Rapids?)
...
(Alex: What is [*], home of Kellogg's.)

Battle Creek

Hillaryché
Triple Stumper
    $800 24
chariots

Charles
    $800 9
diabolical

Hillary
    $1200 3
"Drive"

ché
    $1200 26
wheelbarrow

Hillary
    $1200 14
(Alex) Haley

Charles
    $1200 18
New Hampshire

Hillary
    $2,000 25
(Charles: What are tire companies?)
(Alex: No, but you're
sort of close. What are the [*].)

Goodyear Blimps

Charles
    $1200 10
doo-wop

ché
    $1600 4
hive

Hillary
    $1600 29
heresies

Charles
    $3,000 15
Jules Verne

Charles
    $1600 20
Janet Napolitano

Triple Stumper
    $1600 27
(Elizabeth) Dole

Charles
    $1600 11
doomsday

Hillary
    $2000 5
...
(Alex: [*] Owen is the man.)

Clive

ché
    $2000 30
Masada

Charles
    $2000 16
(Robert) Parker

Charles
    $2000 21
Washington

Triple Stumper
    $2000 28
(Hillary: What is an incline?)
(Che: What is a trolley?)
[Hillary's response, originally ruled as incorrect, was later judged as acceptable before Final Jeopardy!]

funicular

Hillary
    $2000 12
(Hillary: Who is John Dooley?)
(Alex: Say it again.)
(Hillary: [ loudly ] Who is Dooley?)
(Alex: What did you say first?)
(Hillary: Who is John Dooley?)
(Alex: No.)

Tom Dooley

HillaryCharles

Scores at the end of the Double Jeopardy! Round:

Hillary Charles ché
$8,800 $25,400 $7,200
(lock game)

[wagering suggestions for these scores]

Final Jeopardy! Round responses

HIGHWAYS & BYWAYS
chéWhat is Lima?
$7,000
HillaryWhat is Arequipa?
$3,000
CharlesWhat is Lima?
$5,000
Cuzco

Final scores:

Hillary Charles ché
$5,800 $20,400 $200
2nd place: $2,000 New champion: $20,400 3rd place: $1,000

Game dynamics:

Coryat scores:

Hillary Charles ché
$8,800 $24,600 $7,200
14 R,
4 W
27 R
(including 2 DDs),
1 W
(including 1 DD)
10 R,
1 W

Combined Coryat: $40,600

The J! Archive is created by fans, for fans. The Jeopardy! game show and all elements thereof, including but not limited to copyright and trademark thereto, are the property of Jeopardy Productions, Inc. and are protected under law. This website is not affiliated with, sponsored by, or operated by Jeopardy Productions, Inc. Join the discussion at JBoard.tv.